000
00186 a2200097 4500
020
_a
9781580892438
041
_a
eng
100
_a
Samantha R. Vamos
245
_a
The cazuela
942
_c
BK
999
_c
11115
_d
11115